00373nmm a2200121Ia 4500008004100000041000800041100001700049245002600066264008000092300001600172650001200188856005100200251105s9999||||xx |||||||||||||||||und|| aspa aJames, Julia 0aEmboscada de pasión a[Madrid, España] :bHarlequin, c[Fecha de publicación no identificada] a0 páginas aRomance uhttps://public.digitaliapublishing.com/a/91753